00513nam a2200157Ia 4500100003700000650003300037942000700070366000700077654001000084245004900094260002800143300000800171546001200179999001700191952014700208 aNiyogi/Pradip/ chakrabartty/S.K  acomputational fluid dynamics cBK f20 afluid aIntroduction to computational fluid dynamics bPearson Educationc2006 a581 aENGLISH c18552d18552 001040708CRCaCRCEbCRCEd2023-03-17eReaders Worldg599.20i103 dt 11.10.2021l1o p25787r2024-06-24s2024-01-15v749.00w0000-00-00yBK